• 首页
  • 本馆介绍
  • 公告通知
  • 最新文献
  • 馆藏检索
  • 电子资源
  • 读者导购
  • 参考咨询
  • 我的图书馆
  • 登录
  • 详细信息显示
  • 放入我的书架
  • 预约/预借图书
  • 作者相关作品
  • 分类相关作品
  • 丛书相关作品
  • 出版社相关作品

书目信息

  • 表格格式
  • 工作单格式
  • 卡片格式
题名:
辛亥革命与亚洲
    
 
作者: 李廷江 , 大里浩秋 编著
分册:  
出版信息: 北京   社会科学文献出版社  2015.02
页数: 415页
开本: 24cm
丛书名:
单 册:
中图分类: K257.07
科图分类:
主题词:
电子资源:
ISBN: 978-7-5097-6690-3
000 00629nam0 2200181 450
001 202410223070948319
005 20241022164747.56
010    @a978-7-5097-6690-3@d¥138.00
100    @a20241022d km y0chiy0120 ea
101 0  @achi
200 1  @a辛亥革命与亚洲@AXin Hai Ge Ming Yu Ya Zhou@f李廷江,(日)大里浩秋编著@FLi Ting Jiang,(Ri)Da Li Hao Qiu Bian Zhu
210    @a北京@c社会科学文献出版社@d2015.02
215    @a415页@d24cm
690    @aK257.07@v4
701  0 @a李廷江@ALi Ting Jiang@4编著
701  0 @a大里浩秋@ADa Li Hao Qiu@4编著
801  0 @aCN@b大连网信软件有限公司图书馆·11@c20241022
905    @aZUCC@b7512911@dK257.07@e67
    
    辛亥革命与亚洲/李廷江,(日)大里浩秋编著.-北京:社会科学文献出版社,2015.02
    415页;24cm
    
    
    ISBN 978-7-5097-6690-3:¥138.00
    
●
相关链接 在E读中查询图书 在五车中查询图书 在当当中查询图书 在豆瓣中查询图书


正题名:辛亥革命与亚洲     索取号:K257.07/67         预约/预借

序号 登录号 条形码 馆藏地/架位号 状态 备注
1 7512911   275129111   密集书库-史法系/ [索取号:K257.07/67] 在馆    
唐山师范学院图书馆 欢迎您!
大连网信软件有限公司© 版权所有